[Event "OLNW 2223 SK Ricklingen - SK Union Olden"]
[Site "?"]
[Date "2023.02.26"]
[Round "6.7"]
[White "Eschholz, Enno"]
[Black "Arntz, Christoph"]
[Result "0-1"]
[WhiteElo "2197"]
[BlackElo "1927"]
[PlyCount "150"]
[EventDate "2023.??.??"]

1. e4 c5 2. Nc3 Nc6 3. g3 d6 4. Bg2 Nf6 5. d3 e5 6. h3 Be7 7. Be3 Nd4 8. Qd2 Bd7 9. Nge2 Bc6 10. f4 Qb6 11. Rb1 Qc7 12. O-O a5 13. g4 b5 14. Ng3 b4 15. Nd1 h6 16. c3 exf4 17. Bxf4 Ne6 18. Nf5 Nxf4 19. Qxf4 Bf8 20. Nde3 O-O-O 21. a3 b3 22. Nd5 Nxd5 23. exd5 Bb5 24. Rbd1 a4 25. Ne3 Be8 26. Rfe1 Be7 27. Nf5 Bf6 28. d4 c4 29. Ng3 Bh4 30. Re2 Bxg3 31. Qxg3 Bb5 32. Rde1 Rhe8 33. g5 hxg5 34. Qxg5 f6 35. Qg6 Rxe2 36. Rxe2 Kb7 37. Bf3 Rf8 38. Bg4 Qf7 39. Bh5 Qd7 40. Re6 Kc7 41. Qe4 Kd8 42. Bg6 Ba6 43. Qf4 Kc7 44. Qe3 Kd8 45. Qg3 Kc7 46. Bf5 Qd8 47. Qxg7+ Kb8 48. Qe7 Rg8+ 49. Kf2 Qxe7 50. Rxe7 Bb7 51. Bd7 Rg5 52. Bc6 Bc8 53. h4 Rf5+ 54. Kg2 Rf4 55. Bxa4 Rg4+ 56. Kf2 Rxh4 57. Bb5 Rh2+ 58. Ke3 Rxb2 59. Bxc4 Rc2 60. Bd3 Ra2 61. c4 b2 62. Kf4 Rxa3 63. Bb1 Ra1 64. Re1 Ba6 65. Ke3 Bxc4 66. Kd2 Bxd5 67. Kc2 Ba2 68. Re8+ Kc7 69. Bxa2 Rxa2 70. Rf8 b1=Q+ 71. Kxb1 Rf2 72. Kc1 Kc6 73. Kd1 Kd5 74. Ke1 Rf4 75. Ke2 Kxd4 0-1

[Event "OLNW 2223 SK Ricklingen - SK Union Olden"]
[Site "?"]
[Date "2023.02.26"]
[Round "6.8"]
[White "Pubantz, Richard"]
[Black "Peters, Tom"]
[Result "1-0"]
[WhiteElo "1708"]
[BlackElo "2066"]
[PlyCount "64"]
[EventDate "2023.??.??"]

1. d4 Nf6 2. c4 e6 3. g3 d5 4. Bg2 c6 5. Nf3 Nbd7 6. Qc2 Bd6 7. O-O O-O 8. Nbd2 Re8 9. e4 dxe4 10. Nxe4 Nxe4 11. Qxe4 e5 12. Re1 Nf6 13. Qc2 exd4 14. Bg5 Rxe1+ 15. Rxe1 Bf8 16. c5 h6 17. Bd2 Be6 18. b4 Qd5 19. a3 Bf5 20. Qb2 Be4 21. Nh4 Bxg2 22. Nxg2 Rd8 23. Qb1 Qf3 24. a4 Ng4 25. Rf1 Qe2 26. Qd1 Qe6 27. h3 Ne5 28. Nf4 Qf5 29. Kg2 g5 30. Ne2 Qf3+ 31. Kg1 Qe4 32. Nc1 Nf3+ 1-0

[Event "OLNW 2223 Hamelner SV - Post SV Uelzen"]
[Site "?"]
[Date "2023.02.26"]
[Round "6.1"]
[White "Laubsch, Bernd"]
[Black "Bode, Wilfried"]
[Result "1/2-1/2"]
[WhiteElo "2262"]
[BlackElo "2352"]
[PlyCount "36"]
[EventDate "2023.??.??"]

1. e4 e6 2. d4 d5 3. Nd2 c5 4. Ngf3 Nf6 5. exd5 exd5 6. Bb5+ Bd7 7. Qe2+ Be7 8. dxc5 O-O 9. Nb3 Re8 10. Be3 a6 11. Bd3 Ba4 12. Nbd4 Bxc5 13. O-O Nbd7 14. b3 Bc6 15. c3 g6 16. Qc2 Rc8 17. Rad1 Qc7 18. Rfe1 Bf8 1/2-1/2

[Event "OLNW 2223 Hamelner SV - Post SV Uelzen"]
[Site "?"]
[Date "2023.02.26"]
[Round "6.2"]
[White "Tonndorf, Matthias"]
[Black "Knuedel, Torben"]
[Result "1-0"]
[WhiteElo "2139"]
[BlackElo "2250"]
[PlyCount "155"]
[EventDate "2023.??.??"]

1. e4 e5 2. Nf3 Nc6 3. Bb5 a6 4. Ba4 Nf6 5. O-O Be7 6. Re1 b5 7. Bb3 O-O 8. d4 d6 9. c3 Bg4 10. Be3 exd4 11. cxd4 Na5 12. Bc2 Nc4 13. Bc1 c5 14. b3 Nb6 15. Nbd2 cxd4 16. Bb2 Rc8 17. Bxd4 Nbd7 18. h3 Bh5 19. g4 Nxg4 20. hxg4 Bxg4 21. Bd3 Bg5 22. Be2 Bf4 23. Be3 Bxe3 24. fxe3 f5 25. Nh2 Ne5 26. exf5 Bxf5 27. e4 Bh3 28. Ndf3 Rc3 29. Kh1 Nxf3 30. Bxf3 Qf6 31. Qd5+ Be6 32. e5 Qf7 33. Rad1 Kh8 34. Qb7 Rc7 35. Qe4 d5 36. Qd3 Rd8 37. Bg2 d4 38. Qe4 Rcd7 39. Rf1 Qe7 40. Qf4 a5 41. Rd2 a4 42. bxa4 bxa4 43. Rfd1 a3 44. Nf3 d3 45. Qh4 Qxh4+ 46. Nxh4 g5 47. Nf3 h6 48. Kh2 Kg7 49. Kg3 g4 50. Nh4 h5 51. Be4 Kh6 52. Rb1 Rd4 53. Bf5 Kg5 54. Bxe6 Re4 55. Nf3+ gxf3 56. Kxf3 Rxe5 57. Rg1+ Kh6 58. Bb3 Rf8+ 59. Kg2 Re3 60. Rf1 Rfe8 61. Rf6+ Kg7 62. Rf3 Re2+ 63. Rf2 R2e3 64. Bc4 Rd8 65. Rf3 Re4 66. Bxd3 Red4 67. Kf1 h4 68. Rg2+ Kh8 69. Rf5 R4d5 70. Rxd5 Rxd5 71. Rg8+ Kxg8 72. Bc4 Kg7 73. Bxd5 Kf6 74. Kg2 Ke5 75. Bb3 Kf4 76. Kh3 Kg5 77. Bd1 Kf4 78. Kxh4 1-0

[Event "OLNW 2223 Hamelner SV - Post SV Uelzen"]
[Site "?"]
[Date "2023.02.26"]
[Round "6.3"]
[White "von Estorff, Jacob"]
[Black "Renner, Kai"]
[Result "1-0"]
[WhiteElo "2151"]
[BlackElo "2159"]
[PlyCount "45"]
[EventDate "2023.??.??"]

1. e4 e6 2. d4 d5 3. Nd2 Nf6 4. e5 Nfd7 5. f4 c5 6. Ndf3 Nc6 7. c3 Qb6 8. Ne2 a5 9. Qb3 Qxb3 10. axb3 b6 11. Be3 Be7 12. Ng3 O-O 13. Bb5 Ndb8 14. Rf1 Bd7 15. Bd3 cxd4 16. Nxd4 Nxd4 17. Bxd4 Nc6 18. Ne2 Bc5 19. Kd2 Nxd4 20. Nxd4 Bxd4 21. cxd4 Rfc8 22. g4 b5 23. Rfc1 1-0

[Event "OLNW 2223 Hamelner SV - Post SV Uelzen"]
[Site "?"]
[Date "2023.02.26"]
[Round "6.4"]
[White "Koch, Yannick"]
[Black "Bargsten, Justus"]
[Result "0-1"]
[WhiteElo "2028"]
[BlackElo "2141"]
[PlyCount "84"]
[EventDate "2023.??.??"]

1. d4 d5 2. c4 e6 3. Nc3 Be7 4. cxd5 exd5 5. Bf4 c6 6. e3 Bf5 7. g4 Be6 8. Bd3 Nd7 9. h3 h5 10. gxh5 Ngf6 11. h6 g6 12. Nge2 Nh5 13. Qb3 Qb6 14. Qxb6 axb6 15. h4 b5 16. Bg5 b4 17. Nb1 c5 18. dxc5 Nxc5 19. Bb5+ Kf8 20. Bxe7+ Kxe7 21. Nd2 Rxh6 22. Nd4 Ng7 23. Ke2 Rah8 24. Rac1 Kd6 25. N2f3 Bg4 26. Kf1 Rd8 27. Ng5 Rf8 28. Be2 Bd7 29. Kg2 f6 30. Ngf3 Ra8 31. Ra1 Nge6 32. Nc2 Na4 33. Nxb4 Nxb2 34. Rhb1 Na4 35. Rc1 g5 36. hxg5 Rg8 37. Rh1 Rhg6 38. Kf1 Nxg5 39. Nxg5 Rxg5 40. Rc1 Nc5 41. Bf3 Rf5 42. Ke2 Bb5+ 0-1

[Event "OLNW 2223 Hamelner SV - Post SV Uelzen"]
[Site "?"]
[Date "2023.02.26"]
[Round "6.5"]
[White "Bogomolow, Sergej"]
[Black "Poschadel, Andreas Gregor"]
[Result "0-1"]
[WhiteElo "2161"]
[BlackElo "2047"]
[PlyCount "80"]
[EventDate "2023.??.??"]

1. e4 c6 2. d4 d5 3. exd5 cxd5 4. c4 Nf6 5. Nc3 e6 6. Nf3 Bb4 7. Qb3 Nc6 8. Bd3 O-O 9. O-O dxc4 10. Qxc4 Be7 11. Bf4 Bd7 12. Rad1 Rc8 13. Bb1 Nb4 14. Qe2 Nbd5 15. Bd2 Qb6 16. Ne5 Nxc3 17. bxc3 Bb5 18. Bd3 Bxd3 19. Qxd3 Rfd8 20. Rb1 Qc7 21. Qf3 b6 22. Rfe1 Rd5 23. Rb3 Bd6 24. Bf4 Nd7 25. Nd3 Bxf4 26. Nxf4 Rf5 27. g3 g5 28. Qg4 Nf6 29. Qh3 gxf4 30. g4 Rg5 31. f3 Nd5 32. Qh4 Rg6 33. Re5 Qd8 34. Qe1 Nxc3 35. Qf2 Nd5 36. h4 Rc1+ 37. Kh2 Ne3 38. h5 Rg7 39. Rbxe3 fxe3 40. Rxe3 Qc7+ 0-1

[Event "OLNW 2223 Hamelner SV - Post SV Uelzen"]
[Site "?"]
[Date "2023.02.26"]
[Round "6.6"]
[White "Helmer, Jan"]
[Black "Askerov, Imamali"]
[Result "1-0"]
[WhiteElo "2108"]
[BlackElo "1939"]
[PlyCount "115"]
[EventDate "2023.??.??"]

1. Nf3 d5 2. e3 Nf6 3. c4 c6 4. Nc3 e6 5. b3 Bd6 6. Bb2 O-O 7. Be2 Nbd7 8. O-O Re8 9. d4 b6 10. Qc2 Bb7 11. e4 Nxe4 12. Nxe4 dxe4 13. Qxe4 Qc7 14. Bd3 Nf8 15. Qg4 f5 16. Qh5 Qf7 17. Qxf7+ Kxf7 18. c5 bxc5 19. dxc5 Bxc5 20. Ne5+ Kg8 21. Rac1 Bd6 22. Nxc6 Ng6 23. Rfe1 Nf4 24. Bf1 Rec8 25. Nd4 Bb4 26. Red1 Bc5 27. Nxe6 Nxe6 28. Bc4 Re8 29. Rd7 Bc8 30. Rxg7+ Kf8 31. Rxh7 Re7 32. Rh8+ Kf7 33. Bd5 Bb7 34. Rh7+ Kg8 35. Rxe7 Bxd5 36. Rxe6 Bxf2+ 37. Kxf2 Bxe6 38. Rc7 a5 39. h4 Bf7 40. a3 Rb8 41. Bc3 Rxb3 42. Kg3 Rxa3 43. Kf4 Be6 44. h5 Ra4+ 45. Ke3 Rc4 46. Rg7+ Kf8 47. Bf6 Rg4 48. Ra7 Rxg2 49. h6 Bg8 50. Bg7+ Ke8 51. Ra8+ Kf7 52. Rf8+ Kg6 53. Rxg8 Kh7 54. Ra8 Ra2 55. Kf4 Rf2+ 56. Kg5 Rg2+ 57. Kf6 Rg6+ 58. Kf7 1-0

[Event "OLNW 2223 Hamelner SV - Post SV Uelzen"]
[Site "?"]
[Date "2023.02.26"]
[Round "6.7"]
[White "Mittelstaedt, Hendrik"]
[Black "van Son, Lutz"]
[Result "0-1"]
[WhiteElo "2036"]
[BlackElo "2171"]
[PlyCount "103"]
[EventDate "2023.??.??"]

1. e4 e6 2. d4 d5 3. Nc3 Bb4 4. Nge2 dxe4 5. a3 Be7 6. Nxe4 Nd7 7. Bf4 Ngf6 8. N2c3 Nd5 9. Bg3 O-O 10. Nxd5 exd5 11. Nc3 c6 12. Qd2 Re8 13. Be2 Nf6 14. O-O Bf5 15. Bd3 Qd7 16. Rfe1 Bxd3 17. Qxd3 Nh5 18. Re2 Nxg3 19. hxg3 Bf6 20. Rae1 g6 21. Nb1 Rxe2 22. Rxe2 Re8 23. Rxe8+ Qxe8 24. Kf1 Qe4 25. Qxe4 dxe4 26. c3 Bg5 27. Ke2 f5 28. b3 Kf7 29. a4 Ke6 30. Na3 Bd8 31. f3 exf3+ 32. gxf3 Bc7 33. f4 g5 34. Kf3 g4+ 35. Ke3 h5 36. Nc4 Bd8 37. Ne5 h4 38. gxh4 Bxh4 39. Nd3 Be7 40. Ne1 Ba3 41. Nd3 Be7 42. c4 Kd6 43. Nc5 b6 44. Nd3 Bf6 45. b4 a6 46. Ne5 b5 47. a5 bxc4 48. Nxc4+ Ke6 49. Kd3 Be7 50. Kc3 Bd6 51. Ne3 Bxf4 52. d5+ 0-1

[Event "OLNW 2223 Hamelner SV - Post SV Uelzen"]
[Site "?"]
[Date "2023.02.26"]
[Round "6.8"]
[White "Jacobi, Felix-Hagen"]
[Black "List, Joachim"]
[Result "0-1"]
[WhiteElo "2072"]
[BlackElo "2222"]
[PlyCount "86"]
[EventDate "2023.??.??"]

1. e4 c5 2. f4 Nc6 3. Nf3 g6 4. c3 d5 5. d3 dxe4 6. dxe4 Qxd1+ 7. Kxd1 Bg4 8. Be3 Bxf3+ 9. gxf3 e6 10. Nd2 O-O-O 11. a3 Bh6 12. Kc2 e5 13. Bxc5 Bxf4 14. Rd1 b6 15. Bf2 Nge7 16. Bc4 f6 17. h3 Rd6 18. Ba6+ Kc7 19. Nc4 Rxd1 20. Rxd1 Rd8 21. Ne3 Rxd1 22. Kxd1 Bxe3 23. Bxe3 g5 24. Ke2 Ng6 25. Kf2 Nf4 26. Kg3 h5 27. b4 Nd8 28. Bc4 Nb7 29. a4 Nd6 30. Bf1 f5 31. h4 gxh4+ 32. Kxh4 fxe4 33. fxe4 Nxe4 34. c4 a5 35. bxa5 bxa5 36. c5 Ne6 37. Kxh5 Ng3+ 38. Kg4 Nxf1 39. Bf2 Nd4 40. Be1 Ne3+ 41. Kh5 Nc4 42. Kg6 Kc6 43. Kf6 Kd5 0-1

[Event "OLNW 2223 SV Hellern - Delmenhorster SK"]
[Site "?"]
[Date "2023.02.26"]
[Round "6.1"]
[White "Pahl, Erik"]
[Black "Hoffmann, Alexander"]
[Result "0-1"]
[WhiteElo "2145"]
[BlackElo "2399"]
[PlyCount "70"]
[EventDate "2023.??.??"]

1. e4 e5 2. Nf3 Nc6 3. Bc4 Nf6 4. d3 Be7 5. O-O O-O 6. c3 d6 7. a4 Na5 8. Ba2 c5 9. b4 cxb4 10. cxb4 Nc6 11. b5 Nb4 12. Bc4 Bg4 13. h3 Bh5 14. Bb2 a5 15. Nbd2 Rc8 16. Rc1 Nd7 17. Re1 Nc5 18. g4 Bg6 19. Nf1 d5 20. Bxd5 Nxd5 21. Nxe5 Nb4 22. d4 Nd7 23. Nc4 Bg5 24. Rc3 Nf6 25. f3 Ne8 26. Nfe3 Nd6 27. Na3 Rxc3 28. Bxc3 Qc7 29. Bb2 Nxe4 30. fxe4 Bxe4 31. Nf1 Bd5 32. Nb1 Bf4 33. Nc3 Bh2+ 34. Nxh2 Qg3+ 35. Kf1 Qg2# 0-1

[Event "OLNW 2223 SV Hellern - Delmenhorster SK"]
[Site "?"]
[Date "2023.02.26"]
[Round "6.2"]
[White "Gronde, Ingo"]
[Black "Pahl, Theis"]
[Result "1/2-1/2"]
[WhiteElo "2295"]
[BlackElo "2185"]
[PlyCount "107"]
[EventDate "2023.??.??"]

1. e4 c5 2. Nf3 d6 3. d4 cxd4 4. Nxd4 Nf6 5. Nc3 a6 6. Bg5 e6 7. f4 h6 8. Bh4 Qb6 9. Qd2 Qxb2 10. Rb1 Qa3 11. e5 dxe5 12. fxe5 g5 13. Bf2 Ng4 14. Bg3 Nd7 15. Be2 Ngxe5 16. O-O Bg7 17. Nxe6 fxe6 18. Bh5+ Kd8 19. Rb3 Qc5+ 20. Bf2 Nc4 21. Qxd7+ Bxd7 22. Bxc5 Nd2 23. Rf7 Nxb3 24. Bb6+ Kc8 25. Rxg7 Nd2 26. Be2 Bc6 27. Bd3 e5 28. Kf2 Bb5 29. Ke3 Nf1+ 30. Bxf1 Bxf1 31. Ne4 Bxg2 32. Nd6+ Kb8 33. a4 a5 34. Bc7+ Ka7 35. Nb5+ Ka6 36. Rg6+ Bc6 37. Bxe5 Rhe8 38. Nc7+ Kb6 39. Nxa8+ Kc5 40. Nc7 Rxe5+ 41. Kd2 Bxa4 42. Rxh6 Bc6 43. Rg6 a4 44. Rxg5 Rxg5 45. Ne6+ Kc4 46. Nxg5 a3 47. Kc1 Kc3 48. Kb1 b5 49. Ne6 Be4 50. Nc7 Bxc2+ 51. Ka2 Bb3+ 52. Ka1 b4 53. Na6 Bc2 54. Nxb4 1/2-1/2

[Event "OLNW 2223 SV Hellern - Delmenhorster SK"]
[Site "?"]
[Date "2023.02.26"]
[Round "6.3"]
[White "Hedke, Fred"]
[Black "Boettcher, Christian"]
[Result "1-0"]
[WhiteElo "2241"]
[BlackElo "2201"]
[PlyCount "49"]
[EventDate "2023.??.??"]

1. e4 c6 2. d4 d5 3. exd5 cxd5 4. c4 Nf6 5. Nc3 e6 6. Nf3 Bb4 7. Qb3 Nc6 8. Be3 O-O 9. cxd5 Nxd5 10. Bd3 Bd6 11. O-O Nxc3 12. bxc3 b6 13. Qb5 Qc7 14. Qh5 f5 15. Rfe1 Bd7 16. Bd2 Rae8 17. Re2 Na5 18. Rae1 Nc4 19. Bc1 g6 20. Qh6 Rf7 21. Qh4 b5 22. Bg5 Be7 23. d5 e5 24. Bxc4 Bxg5 25. Nxg5 1-0

[Event "OLNW 2223 SV Hellern - Delmenhorster SK"]
[Site "?"]
[Date "2023.02.26"]
[Round "6.4"]
[White "Stock, Joerg"]
[Black "Grebener, Soeren"]
[Result "1/2-1/2"]
[WhiteElo "2098"]
[BlackElo "1986"]
[PlyCount "64"]
[EventDate "2023.??.??"]

1. e4 e5 2. Nf3 Nf6 3. d4 Nxe4 4. Bd3 d5 5. Nxe5 Bd6 6. O-O O-O 7. c4 c6 8. Nc3 Nxc3 9. bxc3 Nd7 10. Nxd7 Bxd7 11. cxd5 cxd5 12. Qh5 g6 13. Qxd5 Qc7 14. h3 Be6 15. Qf3 Qxc3 16. Bh6 Rfd8 17. Qf6 Bf8 18. Bxf8 Rxf8 19. Be4 Rad8 20. Rfd1 Rd7 21. Rac1 Qa5 22. Rc2 Rfd8 23. Rdd2 Rd6 24. Qf3 Bd5 25. Bxd5 Qxd5 26. Qxd5 Rxd5 27. Rc7 R8d7 28. Rxd7 Rxd7 29. f3 Kf8 30. Kf2 Ke7 31. Ke3 Kd6 32. Rb2 b6 {(=)} 1/2-1/2

[Event "OLNW 2223 SV Hellern - Delmenhorster SK"]
[Site "?"]
[Date "2023.02.26"]
[Round "6.5"]
[White "Meyer, Thorsten"]
[Black "Lehmann, Holger"]
[Result "0-1"]
[WhiteElo "1968"]
[BlackElo "2131"]
[PlyCount "72"]
[EventDate "2023.??.??"]

1. e4 c5 2. Nf3 Nc6 3. d4 cxd4 4. Nxd4 Qb6 5. Nb3 Nf6 6. Bd3 e6 7. O-O d6 8. Be3 Qc7 9. Na3 Be7 10. Nb5 Qb8 11. c4 b6 12. Rc1 Bb7 13. f3 a6 14. N5d4 Ne5 15. Be2 Bd8 16. Kh1 Ned7 17. Qd2 O-O 18. Rfd1 Bc7 19. Bf1 Re8 20. Rc3 d5 21. exd5 exd5 22. Bg1 Bf4 23. Qf2 dxc4 24. Bxc4 Ne5 25. Re1 b5 26. Bf1 Qd6 27. Nf5 Qd7 28. Nc5 Qxf5 29. Nxb7 Nc4 30. Bxc4 bxc4 31. Nc5 h5 32. Rxc4 Nd5 33. Ne4 Red8 34. Rd1 Ne3 35. Rxd8+ Rxd8 36. g3 Nxc4 0-1

[Event "OLNW 2223 SV Hellern - Delmenhorster SK"]
[Site "?"]
[Date "2023.02.26"]
[Round "6.6"]
[White "Happe, Reinhold"]
[Black "Monnerjahn, Lukas"]
[Result "1-0"]
[WhiteElo "2101"]
[BlackElo "1865"]
[PlyCount "119"]
[EventDate "2023.??.??"]

1. d4 d5 2. c4 e6 3. Nc3 Nf6 4. Bg5 c6 5. cxd5 exd5 6. e3 Be7 7. Bd3 O-O 8. Nge2 Nbd7 9. O-O h6 10. Bh4 Ne4 11. Bxe7 Qxe7 12. Bxe4 dxe4 13. Qc2 Nf6 14. Ng3 Re8 15. Rab1 b6 16. b4 Ba6 17. b5 cxb5 18. Nxb5 Nd5 19. a4 Nb4 20. Qxe4 Qd7 21. Qf5 Bxb5 22. Qxb5 Qxb5 23. axb5 Nd5 24. Rfc1 Rec8 25. Kf1 Rc3 26. e4 Rac8 27. Rd1 Nf4 28. Ne2 Nxe2 29. Kxe2 Kf8 30. Rd2 Ke7 31. Rbb2 R8c7 32. Rd3 Rc2+ 33. Rxc2 Rxc2+ 34. Rd2 Rc4 35. Kd3 Rb4 36. Ra2 Rxb5 37. Rxa7+ Ke6 38. d5+ Kf6 39. f4 g5 40. g3 Rb1 41. Ra2 gxf4 42. gxf4 Rb3+ 43. Kd4 Rb4+ 44. Ke3 Rb3+ 45. Kf2 Rh3 46. Kg2 Re3 47. Ra4 Rb3 48. Rc4 Ke7 49. Rc7+ Ke8 50. e5 b5 51. d6 b4 52. Rc8+ Kd7 53. Rf8 Rd3 54. Rxf7+ Ke8 55. Rb7 b3 56. f5 Rd5 57. f6 Rxe5 58. f7+ Kf8 59. d7 Rd5 60. Rb8+ 1-0

[Event "OLNW 2223 SV Hellern - Delmenhorster SK"]
[Site "?"]
[Date "2023.02.26"]
[Round "6.8"]
[White "Suendorf, Dominik"]
[Black "Alhamid, Mohamad"]
[Result "0-1"]
[WhiteElo "1867"]
[BlackElo "1876"]
[PlyCount "88"]
[EventDate "2023.??.??"]

1. e4 c5 2. Nf3 a6 3. d4 cxd4 4. Nxd4 Nf6 5. Nc3 e5 6. Nb3 Bb4 7. Bg5 Qc7 8. Qd3 d6 9. Bxf6 gxf6 10. O-O-O Bxc3 11. bxc3 Ke7 12. Nd2 Be6 13. c4 b5 14. Qa3 Nd7 15. f4 exf4 16. Nf3 Ne5 17. Nd4 Rac8 18. cxb5 axb5 19. Bxb5 Ra8 20. Qb2 Rxa2 21. Nf5+ Kf8 22. Qb1 Qa5 23. Ba4 Qxa4 24. Qb8+ Qe8 25. Qxd6+ Kg8 26. Qd8 Ra8 27. Qxf6 Ra1+ 28. Kd2 Qd7+ 29. Ke2 Bc4+ 30. Kf2 Ng4+ 31. Kf3 Nxf6 32. Rxd7 Ra3+ 33. Rd3 Bxd3 34. cxd3 Rxd3+ 35. Kxf4 h5 36. e5 Ng4 37. h3 Nh6 38. Nd6 Kh7 39. g4 Ra8 40. g5 Ra4+ 41. Ne4 Nf5 42. Rf1 Ng3 43. Re1 Rxe4+ 44. Rxe4 Nxe4 0-1

[Event "OLNW 2223 Delmenhorster SK - HSK Lister"]
[Site "?"]
[Date "2023.03.19"]
[Round "7.1"]
[White "Polster, Christian"]
[Black "Pahl, Theis"]
[Result "1-0"]
[WhiteElo "2273"]
[BlackElo "2194"]
[PlyCount "97"]
[EventDate "2023.??.??"]

1. e4 e5 2. Nf3 Nc6 3. d4 exd4 4. Nxd4 Bc5 5. Nxc6 bxc6 6. Bc4 d5 7. exd5 Bxf2+ 8. Kxf2 Qh4+ 9. g3 Qxc4 10. Re1+ Ne7 11. Nc3 Bf5 12. Qf3 Qc5+ 13. Be3 Qd6 14. Bf4 Qc5+ 15. Qe3 Qxe3+ 16. Rxe3 Kf8 17. dxc6 f6 18. Nb5 Nxc6 19. Rc3 Ne7 20. Rxc7 Rc8 21. Re1 Rxc7 22. Bxc7 Nc6 23. Nxa7 Nd4 24. Bd6+ Kf7 25. Re7+ Kg6 26. c3 Ne6 27. c4 Ng5 28. Ke3 Nf7 29. Bf4 Rd8 30. c5 Rd3+ 31. Ke2 Rd5 32. b4 Bg4+ 33. Kf2 Rd4 34. Nc6 Rc4 35. a4 Rc2+ 36. Ke1 Rc4 37. a5 Bf3 38. b5 Rxc5 39. Nd4 Bd5 40. Rd7 Ne5 41. Ra7 Rc4 42. Bxe5 fxe5 43. Ne2 Rc5 44. b6 Kf5 45. a6 Bf3 46. Rf7+ Ke4 47. b7 Ke3 48. b8=Q Rc1+ 49. Nxc1 1-0

[Event "OLNW 2223 Delmenhorster SK - HSK Lister"]
[Site "?"]
[Date "2023.03.19"]
[Round "7.3"]
[White "Bleecke, Sebastian"]
[Black "Margraf, Daniel"]
[Result "1-0"]
[WhiteElo "2139"]
[BlackElo "2231"]
[PlyCount "71"]
[EventDate "2023.??.??"]

1. e4 g6 2. d4 Bg7 3. Nc3 d6 4. Be3 a6 5. Qd2 b5 6. O-O-O Bb7 7. f3 Nd7 8. h4 h5 9. Nh3 Ngf6 10. Kb1 e6 11. Ng5 Nb6 12. a3 Qe7 13. Qf2 Rc8 14. Be2 c5 15. e5 dxe5 16. dxc5 Nbd5 17. Nce4 O-O 18. c6 Nxe3 19. cxb7 Rxc2 20. Qxe3 Rc7 21. Nxf6+ Bxf6 22. g4 hxg4 23. fxg4 Rxb7 24. Ne4 b4 25. a4 b3 26. Bxa6 Rb4 27. Bb5 Rd8 28. Rxd8+ Qxd8 29. h5 g5 30. Rf1 Be7 31. Qf3 Qf8 32. h6 f5 33. gxf5 Qxf5 34. Qxf5 exf5 35. Nc3 f4 36. Nd5 1-0

[Event "OLNW 2223 Delmenhorster SK - HSK Lister"]
[Site "?"]
[Date "2023.03.19"]
[Round "7.4"]
[White "Thimm, Torsten"]
[Black "Hoerstmann, Rudi"]
[Result "1/2-1/2"]
[WhiteElo "2024"]
[BlackElo "2232"]
[PlyCount "98"]
[EventDate "2023.??.??"]

1. e4 g6 2. d4 Bg7 3. Nc3 d6 4. g3 a6 5. Bg2 Nd7 6. Nge2 b5 7. e5 Rb8 8. e6 fxe6 9. Nf4 Nf8 10. O-O e5 11. dxe5 Bxe5 12. Re1 Bg7 13. Be3 e5 14. Ba7 Bd7 15. Bxb8 Qxb8 16. Nd3 Nh6 17. a4 b4 18. Nd5 a5 19. f4 Nf7 20. Qf3 c6 21. fxe5 cxd5 22. exd6+ Ne6 23. Qxd5 O-O 24. Rxe6 Bxe6 25. Qxe6 Qxd6 26. Bd5 Kh8 27. Rf1 Qxe6 28. Bxe6 Nd6 29. Rxf8+ Bxf8 30. c3 bxc3 31. bxc3 Ne4 32. c4 Nc5 33. Nxc5 Bxc5+ 34. Kg2 Kg7 35. Kf3 Kf6 36. Bg8 h5 37. Ke4 g5 38. Kd5 Bg1 39. h3 Bh2 40. g4 hxg4 41. hxg4 Ke7 42. Kc6 Kd8 43. Be6 Bf4 44. Bf5 Bg3 45. Kb5 Bc7 46. c5 Ke7 47. Kc6 Kd8 48. Kb5 Ke7 49. Ka6 Kd8 1/2-1/2

[Event "OLNW 2223 Delmenhorster SK - HSK Lister"]
[Site "?"]
[Date "2023.03.19"]
[Round "7.5"]
[White "Hoffmann, Lukas"]
[Black "Grebener, Soeren"]
[Result "1-0"]
[WhiteElo "2220"]
[BlackElo "1981"]
[PlyCount "49"]
[EventDate "2023.??.??"]

1. d4 d5 2. c4 c6 3. cxd5 cxd5 4. Nc3 Nf6 5. f3 g6 6. e4 dxe4 7. fxe4 Bg7 8. Bb5+ Nfd7 9. Nf3 O-O 10. O-O a6 11. Bc4 b5 12. Bd5 Ra7 13. e5 Nb6 14. Bb3 e6 15. Bg5 Qd7 16. Ne4 Nd5 17. Nf6+ Bxf6 18. exf6 Nc6 19. Qe1 Kh8 20. Qh4 Nc7 21. Qh6 Rg8 22. Bf4 g5 23. Nxg5 Rxg5 24. Bxg5 Kg8 25. Qg7# 1-0

[Event "OLNW 2223 Delmenhorster SK - HSK Lister"]
[Site "?"]
[Date "2023.03.19"]
[Round "7.6"]
[White "Meyer, Thorsten"]
[Black "Hoerstmann, Martin"]
[Result "0-1"]
[WhiteElo "1941"]
[BlackElo "2216"]
[PlyCount "86"]
[EventDate "2023.??.??"]

1. e4 c5 2. Nf3 d6 3. d4 cxd4 4. Nxd4 Nf6 5. Nc3 a6 6. Be2 e6 7. Be3 Qc7 8. Qd2 b5 9. f3 Bb7 10. Bd3 Nbd7 11. O-O b4 12. Nce2 d5 13. exd5 Nxd5 14. Bf2 Bd6 15. Bg3 O-O 16. Kh1 Rfd8 17. Bxd6 Qxd6 18. Nb3 Qb6 19. Qg5 Rac8 20. Ned4 h6 21. Qg3 N7f6 22. f4 Nh5 23. Qh4 g6 24. f5 exf5 25. Nxf5 gxf5 26. Qxh5 Ne3 27. Rf3 Bxf3 28. Qxf3 Re8 29. Re1 Re6 30. h3 a5 31. Re2 a4 32. Nd2 Qd4 33. Qb7 Rd8 34. Qc7 Rf8 35. Qg3+ Kh8 36. Qf2 Rd8 37. Nf3 Qb6 38. Qh4 Rde8 39. Ng5 Rg6 40. Nxf7+ Kg7 41. Bc4 Re4 42. Qd8 Qxd8 43. Nxd8 Nxc4 0-1

[Event "OLNW 2223 Delmenhorster SK - HSK Lister"]
[Site "?"]
[Date "2023.03.19"]
[Round "7.7"]
[White "Gentemann, Moritz"]
[Black "Monnerjahn, Lukas"]
[Result "1-0"]
[WhiteElo "2208"]
[BlackElo "1879"]
[PlyCount "73"]
[EventDate "2023.??.??"]

1. d4 d5 2. c4 e6 3. Nc3 Nf6 4. Nf3 c6 5. e3 a6 6. b3 Nbd7 7. Bb2 Bd6 8. Bd3 O-O 9. O-O Re8 10. e4 dxe4 11. Nxe4 Nxe4 12. Bxe4 Nf6 13. Bc2 c5 14. dxc5 Bxc5 15. Qe2 b6 16. Rad1 Qe7 17. Ng5 Bb7 18. Qe5 Qf8 19. Qg3 e5 20. Bxe5 Rxe5 21. Qxe5 h6 22. Nf3 Re8 23. Qc7 Bxf3 24. gxf3 Re2 25. Bb1 g6 26. b4 Bxb4 27. Rd8 Ne8 28. Qxb6 Re6 29. Qd4 Qe7 30. Rd7 Qg5+ 31. Qg4 Qe5 32. f4 Qa5 33. f5 Re5 34. Qd4 Bc5 35. Qd2 Qb6 36. Rd5 Re3 37. Rxc5 1-0

[Event "OLNW 2223 Delmenhorster SK - HSK Lister"]
[Site "?"]
[Date "2023.03.19"]
[Round "7.8"]
[White "Wander, Dennis"]
[Black "Braeutigam, Mike"]
[Result "0-1"]
[WhiteElo "1626"]
[BlackElo "1878"]
[PlyCount "70"]
[EventDate "2023.??.??"]

1. e4 c6 2. d4 d5 3. f3 e6 4. Nc3 Nf6 5. e5 Nfd7 6. f4 c5 7. Nf3 Nc6 8. Be3 Be7 9. g3 O-O 10. Bg2 cxd4 11. Nxd4 Nb6 12. b3 Bd7 13. O-O Rc8 14. Nce2 f6 15. exf6 Bxf6 16. Rc1 Qe7 17. Kh1 Rce8 18. c4 dxc4 19. Nxc6 Bxc6 20. Bxb6 axb6 21. Bxc6 bxc6 22. Rxc4 c5 23. Nc3 b5 24. Nxb5 Qb7+ 25. Qf3 Qxb5 26. Rfc1 Be7 27. Qe4 Qd7 28. Kg1 Qd5 29. Qe2 Bf6 30. h3 Bd4+ 31. Kh2 e5 32. Qh5 g6 33. Qg5 Rf5 34. Qg4 exf4 35. gxf4 Rxf4 0-1

[Event "OLNW 2223 Post SV Uelzen - SV Hellern"]
[Site "?"]
[Date "2023.03.19"]
[Round "7.1"]
[White "Stock, Joerg"]
[Black "Laubsch, Bernd"]
[Result "0-1"]
[WhiteElo "2089"]
[BlackElo "2273"]
[PlyCount "92"]
[EventDate "2023.??.??"]

1. e4 e5 2. Nf3 Nc6 3. Bb5 a6 4. Bxc6 dxc6 5. O-O Bg4 6. h3 Bh5 7. g4 Bg6 8. Nxe5 Qh4 9. Qf3 f6 10. Nxg6 hxg6 11. Kg2 Bd6 12. d3 Ne7 13. Rh1 f5 14. Nc3 O-O-O 15. Bf4 Rdf8 16. Bxd6 cxd6 17. Qg3 Qf6 18. g5 Qd4 19. Rab1 f4 20. Qg4+ Kd8 21. Ne2 Qe5 22. f3 Nf5 23. Kf2 Ne3 24. Qg1 Nxc2 25. Qc1 Nd4 26. Qc3 Nxe2 27. Kxe2 Rh4 28. Rbg1 Rfh8 29. Rg4 Rxh3 30. Rhg1 Rh2+ 31. R1g2 R8h5 32. Qb3 Kc7 33. Kf1 b5 34. Qf7+ Kb6 35. Qxf4 Rh1+ 36. Ke2 Qxb2+ 37. Qd2 Qd4 38. f4 Rb1 39. Kf3 Rhh1 40. R4g3 Rbd1 41. Qc2 Rxd3+ 42. Kg4 Rhd1 43. Rxd3 Rxd3 44. Re2 c5 45. Qb2 Qg1+ 46. Rg2 Qe3 0-1